Little pig, bigger trouble / (Record no. 113638)
[ view plain ]
| 000 -LEADER | |
|---|---|
| fixed length control field | 00687nam a2200205 a 4500 |
| 001 - CONTROL NUMBER | |
| control field | 3622 |
| 005 - DATE AND TIME OF LATEST TRANSACTION | |
| control field | 20140414132032.0 |
| 008 - FIXED-LENGTH DATA ELEMENTS--GENERAL INFORMATION | |
| fixed length control field | 040603s19uu xx 00 eng d |
| 020 ## - INTERNATIONAL STANDARD BOOK NUMBER | |
| International Standard Book Number | 0-88708-237-8 |
| 050 ## - LIBRARY OF CONGRESS CALL NUMBER | |
| Classification number | TR |
| Item number | L72 1992 |
| 100 ## - MAIN ENTRY--PERSONAL NAME | |
| Personal name | Tharlet, Eve |
| 245 ## - TITLE STATEMENT | |
| Title | Little pig, bigger trouble / |
| Statement of responsibility, etc | written and illustrated by Eve Tharlet ; translated and adapted by Andrew Clements. |
| 260 ## - PUBLICATION, DISTRIBUTION, ETC. (IMPRINT) | |
| Place of publication, distribution, etc | London : |
| Name of publisher, distributor, etc | Picutre Book Studio, |
| Date of publication, distribution, etc | 1992. |
| 300 ## - PHYSICAL DESCRIPTION | |
| Extent | 1 v. p. ; ill. |
| 500 ## - GENERAL NOTE | |
| General note | TR/PS |
| 520 ## - SUMMARY, ETC. | |
| Summary, etc | Henri the pig's penchant for getting into trouble involves him with a cake-aholic cow and runaway car. |
| 650 ## - SUBJECT ADDED ENTRY--TOPICAL TERM | |
| Topical term or geographic name as entry element | Pigs |
| General subdivision | Fiction. |
| 650 ## - SUBJECT ADDED ENTRY--TOPICAL TERM | |
| Topical term or geographic name as entry element | Children stories. |
| Withdrawn status | Lost status | Damaged status | Use restrictions | Home library | Current library | Shelving location | Date acquired | Source of acquisition | Total Checkouts | Full call number | Barcode | Date last seen | Price effective from | Koha item type |
|---|---|---|---|---|---|---|---|---|---|---|---|---|---|---|
| Munich Library | Munich Library | Teachers Reference Section | 06/03/2004 | TR L72 1992 | M5238 | 04/14/2014 | 04/14/2014 | Books |